Places To Study

There are group study rooms, individual study carrels, computer labs, and other spaces to study in the Libraries.

Reserve A Group Room

Online Resources

Access thousands of eBooks, audiobooks, and online journals from the comfort of your home.

Explore Resources

Events and Workshops

Join our upcoming events and workshops to enhance your skills and knowledge.

View Events

ဓမ္မပဒ အဋ္ဌကထာနိဿယ ၊ (Record no. 2564)

MARC details
000 -LEADER
fixed length control field 00968nam a22001937a 4500
003 - CONTROL NUMBER IDENTIFIER
control field OSt
005 - DATE AND TIME OF LATEST TRANSACTION
control field 20251121100552.0
008 - FIXED-LENGTH DATA ELEMENTS--GENERAL INFORMATION
fixed length control field 251121b |||||||| |||| 00| 0 eng d
040 ## - CATALOGING SOURCE
Transcribing agency DCL
082 ## - DEWEY DECIMAL CLASSIFICATION NUMBER
Classification number ၂၉၄.၃၈၂၃၅၁၁
130 ## - MAIN ENTRY--UNIFORM TITLE
Uniform title တိပိဋက။
Name of part/section of a work သုတ္တန္တပိဋက။
-- ခုဒ္ဒကနိကာယ။
Title of a work ဓမ္မပဒ ၊
Language of a work အဋ္ဌကထာ၊
Version နိဿယ။
245 ## - TITLE STATEMENT
Title ဓမ္မပဒ အဋ္ဌကထာနိဿယ ၊
Number of part/section of a work ဒုတိယတွဲ /
Statement of responsibility, etc. အရှင်သာရဒဿီ။
250 ## - EDITION STATEMENT
Edition statement ဒုတိယအကြိမ်။
264 ## - PRODUCTION, PUBLICATION, DISTRIBUTION, MANUFACTURE, AND COPYRIGHT NOTICE
Place of production, publication, distribution, manufacture မန္တလေး ၊
Name of producer, publisher, distributor, manufacturer ညွန့်စာပေ၊
Date of production, publication, distribution, manufacture, or copyright notice ၁၉၇၃။
300 ## - PHYSICAL DESCRIPTION
Extent ၆၃၀ စာမျက်နှာ ၊
Dimensions ၂၅ စင်တီ။
650 ## - SUBJECT ADDED ENTRY--TOPICAL TERM
Topical term or geographic name entry element ဓမ္မပဒ
Form subdivision အဋ္ဌကထာ နိဿယ။
700 ## - ADDED ENTRY--PERSONAL NAME
Personal name သာရဒဿီ၊ အရှင်
942 ## - ADDED ENTRY ELEMENTS (KOHA)
Source of classification or shelving scheme Dewey Decimal Classification
Koha item type Short Term
Suppress in OPAC No
Holdings
Withdrawn status Lost status Source of classification or shelving scheme Damaged status Not for loan Collection Accession No. Home library Current library Shelving location Date acquired Total checkouts Full call number Barcode Date last seen Price effective from Koha item type
    Dewey Decimal Classification     Myanmar Pitaka Collection ၁၃၇၂ Dhammadhara Dhammadhara Myanmar Pitaka Shelves 21/11/2025   ၂၉၄.၃၈၂၃၅၁၁ ခုဒ္ဒ ၁၃၇၂ MB00001372 21/11/2025 21/11/2025 Short Term